| 000 | 00479nam a22001817a 4500 | ||
|---|---|---|---|
| 005 | 20230821101757.0 | ||
| 008 | 230817b |||||||| |||| 00| 0 eng d | ||
| 020 | _a978-0323-522-99-1 | ||
| 041 | _aeng | ||
| 082 | _a616.7 MAG-O | ||
| 100 |
_aMAGEE, DAVIV J. AND MANSKE, ROBERT C. _98074 |
||
| 245 | _aORTHOPEDIC PHYSICAL ASSESSMENT : SOUTH ASIA EDITION | ||
| 250 | _a7 TH , ED. | ||
| 260 |
_aLONDON _bELSEVIER _c2021 |
||
| 300 | _a1282;p | ||
| 650 |
_aBPT _98075 |
||
| 942 | _cBK | ||
| 999 |
_c8371 _d8369 |
||